000 00852nam a2200253Ia 4500
003 OSt
005 20221005113150.0
006 a|||||r|||| 00| 0
007 ta
008 221004b |||||||| |||| 00| 0 pan d
020 _a9788175992832 (hbk)
_c300
024 _a18045
037 _b887, 08/09/2014, H.K. Prakashan
_cTextual
040 _aCRL
_cCRL
_bpan
041 _2pan
_apan
082 _aO153,6NDH2x, Q4
100 _aਧੀਰ, ਰਣਜੀਤ
245 0 _aਸਾਊਥਾਲ ਦਾ ਸੂਰਜ
260 _aਨਵੀ੍ਵ
_bਦਿੱਲੀ ਨਵਯੁਗ ਪ੍ਰਕਾFਨ ਭਾਰਤ
_c2014
300 _a189ਪੰ
_ccm.
650 _aਪੰਜਾਬੀ ਸਾਹਿਤ
942 _hO153,6NDH2x, Q4
_cTEXL
_2cc
999 _c1027260
_d1027260